| 000 | 00471nam a2200181Ia 4500 | ||
|---|---|---|---|
| 001 | 24263 | ||
| 005 | 20260414151031.0 | ||
| 008 | 260414t2019||||xx |||||||||||||| ||spa|| | ||
| 041 | _aESP | ||
| 082 |
_a345.2 _bC97 |
||
| 100 |
_aCuraca Kong, Alfredo _eAUT |
||
| 245 | 0 |
_aLa prisión preventiva en la jurisprudencia del Tribunal Constitucional _b |
|
| 260 | _c2019 | ||
| 300 |
_a350 páginas : _c25 cm. |
||
| 650 | _aDER | ||
| 654 | _aCDE | ||
| 942 |
_cLIB _dJUS _fJUS _2ddc _n |
||
| 999 |
_c24263 _d24263 |
||